Cities by letter-H - Statistics

General Stats
  • This quiz has been taken 32 times
  • The average score is 24 of 49
Answer Stats
Hint City % Correct
4) Waikiki beach Honolulu
93%
2) Astros, Rockets, Texans Houston
93%
1) Capital of Pennsylvania Harrisburg
90%
28) Capital of Cuba Havana
87%
47) The atomic bomb was dropped here in 1945, ending Japanese involvement Hiroshima
87%
32) Capital of Finland Helsinki
83%
31) Major port city in Germany on the Elberiver Hamburg
80%
11) CT capital dubbed the insurancecapital of the world Hartford
80%
24) Female name or the capital of Montana Helena
80%
30) Capital of Nova Scotia Halifax
77%
39) Capital of Zimbabwe Harare
77%
49) Capital of Tasmania Hobart
70%
44) Once called Saigon in South Vietnam Ho Chi Minh City
70%
3) Suburb of Las Vegas Henderson
67%
6) Miami suburb that sharesa name with the LA celebrity area Hollywood
67%
50) Capital of the Solomon Islands Honiara
63%
5) Biggest city in Alabama Huntsville
63%
40) 3rd largest city in Israel Haifa
60%
34) Capital of Crete Heraklion
60%
42) Special Administrative region of China, home to the megacity and Kowloon Hong Kong
57%
36) William the Conquerer defeated the Englishin 1066 at this town Hastings
53%
35) The Manhattan suburb is named for thisDutch city Haarlem
50%
10) Predominantly Cuban suburb ofMiami, near the airport Hialeah
50%
8) 4th biggest city in Hawaii, on the big island Hilo
50%
25) Utah city that shares a name with theocean formed storm Hurricane
50%
43) Capital of Chinas' Zhejiang province Hangzhou
47%
7) 2nd biggest city in West Virginia,home to Marshall University Huntington
43%
26) Dartmouth University is located in thissmall NH town Hanover
40%
37) SW German city on the Neckar river, known for its Medieval architecture Heidelberg
40%
12) Coastal Virginia city, known for itscolonial history Hampton
37%
18) 5th biggest city in Mississippi Hattiesburg
37%
22) Coastal SC city renowned for itsgolf courses and beaches Hilton Head Island
33%
17) NJ city across from New York City Hoboken
33%
48) 3rd largest city in Afghanistan Herat
30%
23) Geothermal baths are a focal pointin this Arkansas city Hot Springs
30%
41) 2nd largest city in Pakistans Sindh province Hyderabad
30%
29) Capital of the Sonora state of Mexico Hermosillo
27%
20) Maryland town that translates to "Harborof Grace" in French Havre De Grace
23%
46) Silicon Valley city of Taiwan Hsinchu
20%
16) Hometown of the Beach Boys band Hawthorne
17%
14) North Carolina city known for its furnitureindustry, with a university of the same name High Point
17%
21) Volleyball was invented in thiswestern Mass city Holyoke
17%
45) Coal mining hub city of China and the birthplaceof tofu Huainan
17%
9) Long Island city, the most populoustownship in the US Hempstead
13%
27) Mexican state north of the capital Hidalgo
13%
15) Florida suburb between Miami and theEverglades Homestead
13%
13) Bay Area suburb city south of Oakland Hayward
10%
19) Western NC city at the foothills of theBlue Ridge mountains Hickory
10%
38) City in northern France on the English Channel,known for its Impressionist era art Honfleur
3%
No matching quizzes found
Score Distribution
Percent of People with Each Score
Percentile by Number Answered
Your Score History
You have not taken this quiz